Educación popular y política en América Latina: reflexiones

Shranjeno v:
Bibliografske podrobnosti
Glavni avtor: Tapia Soko, Gonzalo (Author)
Format: Knjiga
Jezik:španščina
Izdano: Santiago CEAAL 1989
Serija:Serie educación popular y democracia. Consejo de Educación de Adultos de América Latina, 2
Teme:
Oznake: Označite
Brez oznak, prvi označite!

MARC

LEADER 00000nam a2200000 a 4500
001 UCX1708
003 CL-VaPUC
008 901023e19890000CL |||||||||||||||||spa|d
082 0 4 |a 370.194  |b TAP  |2 21 
100 0 |a Tapia Soko, Gonzalo  |e author  |9 317322 
245 1 0 |a Educación popular y política en América Latina: reflexiones 
300 |a 23 p 
942 |c BK 
945 |d 19901023 00:00:00 
260 |a Santiago  |b CEAAL  |c 1989 
650 0 |a Educación popular  |9 308964 
651 0 |a América Latina   |9 255027 
583 |a last modification  |c 19901023 00:00:00  |k Rodrigo Vera 
490 0 |a Serie educación popular y democracia. Consejo de Educación de Adultos de América Latina, 2 
999 |c 222881  |d 222879 
952 |0 0  |1 0  |4 0  |6 370_194000000000000_TAP_1989  |7 0  |8 A  |9 218171  |a BIBGIM  |b BIBGIM  |d 2019-11-15  |i 287010K  |o 370.194 TAP 1989  |p 287010K  |r 2025-01-15  |w 2019-11-15  |y BK  |k SSL